| 000 | 00362pab a2200145 454500 | ||
|---|---|---|---|
| 008 | 180718b2006 xxu||||| |||| 00| 0 eng d | ||
| 100 | _aRavibabu, M. | ||
| 245 | _aViability of surface rail for urban mass transit | ||
| 260 | _c2006 | ||
| 300 | _ap.1506. | ||
| 362 | _a22 Apr | ||
| 650 | _aRailways | ||
| 773 | _aEconomic and Political Weekly | ||
| 909 | _a69469 | ||
| 999 |
_c69469 _d69469 |
||